LEADER 00961nam a2200241 4500 001 000000342522 003 CaOOAMICUS 005 20201009000000.0 008 201009s2008 xxk 000 u eng r 020 $a978-0-385-73776-0 040 $aSeMil$bita 100 1 $aLowry, Lois,$d<1937- >.$0(OLS)http://semarc/name/112268 245 14$aThe willoughbys /$cby Lois Lowry ; nefariously written and ignominiously illustred by the author. 264 1$aLondon :$bRandomhouse,$c2008. 300 $a164 p. ;$c20 cm 830 0$aYearling Books.$0(OLS)http://semarc/title/431354 850 $aSeMil 852 $aSeMil$W1$xVenegono$y1$m1V I 442$j222362$B233452$CSeMilBibl$Z2$F233452 $81 961 $aPerego don Stefano - Omaggio 996 $6020$a978-0-385-73776-0$9(OLS)http://semarc/number/291435 996 $6245$aThe willoughbys$9(OLS)http://semarc/title/431356 996 $6264$aLondon :$bRandomhouse$9(OLS)http://semarc/publisher/59344 LEADER 01220nam a2200277 i 4500 001 000000195618 003 CaOOAMICUS 005 20250123115413.0 008 101221s2010 gw u000 u ger u 013 $a174296 020 $a978-3-451-26832-8 040 $aSeMil$bita 245 10$aJesus Sirach 1-23 /$cübersetzt und ausgelegt von Johannes Marböck. 260 $aFreiburg ; Basel ; Wien :$bHerder,$c2010. 300 $a285 p. ;$c25 cm. 490 0 $aHerders theologischer Kommentar zum Alten Testament 650 4$aBibbia. Antico Testamento. Siracide - Commentari, studi, critica, interpretazioni.$0(OLS)http://semarc/subject/12444 700 1 $aMarböck, Johannes.$0(OLS)http://semarc/name/34054 830 0$aHerders theologischer Kommentar zum Alten Testament.$0(OLS)http://semarc/title/5798 850 $aSeMil 852 $aSeMil$W1$xVenegono$y1$m2YA B 27/1$j254021$B146187$CSeMilBibl$Z2$F157678 $81 961 $aSottoscrizione: Herder 996 $6020$a978-3-451-26832-8$9(OLS)http://semarc/number/187370 996 $6245$aJesus Sirach 1-23$9(OLS)http://semarc/title/282290 996 $6260$aFreiburg ; Basel ; Wien :$bHerder$9(OLS)http://semarc/publisher/29643